000 00409nam a2200181Ia 4500
008 230512s9999 xx 000 0 und d
041 _aeng
082 _a658.15
100 _aPITT FRANCIS
245 _aTHE FOUNDATIONS OF FINANCIAL MGT.
250 _a1
260 _bARNOLD HEINEMANN
300 _a246
365 _b40
500 _aPaper Back
520 _aReference Copy
650 _aManagement
999 _c396352
_d396352